000 00282nam a22001217a 4500
008 170310b xxu||||| |||| 00| 0 eng d
041 _aeng
080 _a611
100 _a6
101 _aSHM
245 _aANATOMIA EKAFKES DHE VARIACIONET E PJESVE TE SAJ
_cYLLI.A
942 _2udc
_cBK
999 _c7407
_d7407